Wood be champions (Record no. 84883)

MARC details
000 -LEADER
fixed length control field 01055cam a22002295a 4500
001 - CONTROL NUMBER
control field L159629
008 - FIXED-LENGTH DATA ELEMENTS--GENERAL INFORMATION
fixed length control field 110613s2017 xxka 000 0 eng u
035 ## - SYSTEM CONTROL NUMBER
System control number (Sirsi) u159629
041 0# - LANGUAGE CODE
Language code of text/sound track or separate title eng
050 ## - LIBRARY OF CONGRESS CALL NUMBER
Classification number 690.241 $2 18
110 2# - MAIN ENTRY--CORPORATE NAME
Corporate name or jurisdiction name as entry element Royal Institution of Chartered Surveyors
9 (RLIN) 4900
245 00 - TITLE STATEMENT
Title Wood be champions
Remainder of title RICS awards 2017
260 ## - PUBLICATION, DISTRIBUTION, ETC.
Place of publication, distribution, etc. London
Name of publisher, distributor, etc. RICS
Date of publication, distribution, etc. 2017
490 ## - SERIES STATEMENT
Series statement Modus
Volume/sequential designation November 2017, 26-31 (6)
505 2# - FORMATTED CONTENTS NOTE
Formatted contents note Project of the year -- Regeneration -- Community benefit -- Infrastructure -- Residential -- Building conservation -- Design through innovation -- Commercial
520 ## - SUMMARY, ETC.
Summary, etc. Profiles the winners of the RICS Awards 2017, including Remembrance Centre at the National Memorial Arboretum, New Waverley Arches, the Word - the National Centre for the Written Word, Wemyss Bay Pier Walkway, Clementhorpe Maltings, Glynde Place, British Airways 1360 in Brighton, One Central Square in Cardiff.
521 ## - TARGET AUDIENCE NOTE
Target audience note Introductory
590 ## - LOCAL NOTE (RLIN)
Local note KA
651 #4 - SUBJECT ADDED ENTRY--GEOGRAPHIC NAME
Geographic name United Kingdom
Chronological subdivision
690 ## - LOCAL SUBJECT ADDED ENTRY--TOPICAL TERM (OCLC, RLIN)
Topical term or geographic name as entry element ABOUT RICS-AWARDS-RICS AWARDS
942 ## - ADDED ENTRY ELEMENTS (KOHA)
Suppress in OPAC 0
Holdings
Withdrawn status Lost status Source of classification or shelving scheme Damaged status Not for loan Home library Current library Shelving location Date acquired Total Checkouts Full call number Barcode Date last seen Copy number Price effective from Koha item type
    Dewey Decimal Classification     Virtual Virtual Online 30/11/2017   L159629 159629-2001 06/08/2019 1 06/08/2019 Journal article